[Event "Harburg-chE 14th"]
[Site "Hamburg"]
[Date "2019.07.28"]
[Round "5.3"]
[White "Thomas, Vincent1111"]
[Black "Hoffmeyer, Florian"]
[Result "1/2-1/2"]
[WhiteElo "1603"]
[BlackElo "1393"]
[PlyCount "26"]
[EventDate "2019.07.26"]
[EventType "tourn"]
[EventRounds "5"]
[EventCountry "GER"]
[SourceTitle "EXT 2020"]
[Source "ChessBase"]
[SourceDate "2019.10.17"]
[SourceVersion "1"]
[SourceVersionDate "2019.10.17"]
[SourceQuality "1"]

1. d4 d5 2. c4 c6 3. Nf3 Nf6 4. Nc3 g6 5. Bg5 Bg7 6. e3 0-0 7. Be2 Bf5 8. 0-0 Nbd7 9. cxd5 Nxd5 10. Nxd5 cxd5 11. Qb3 Nb6 12. Rac1 Re8 13. Bb5 Bd7 1/2-1/2

[Event "Harburg-chE 14th"]
[Site "Hamburg"]
[Date "2019.07.27"]
[Round "2.3"]
[White "Hoffmeyer, Florian"]
[Black "Lu, Yunong Elias"]
[Result "1-0"]
[WhiteElo "1393"]
[BlackElo "1341"]
[PlyCount "153"]
[EventDate "2019.07.26"]
[EventType "tourn"]
[EventRounds "5"]
[EventCountry "GER"]
[SourceTitle "EXT 2020"]
[Source "ChessBase"]
[SourceDate "2019.10.17"]
[SourceVersion "1"]
[SourceVersionDate "2019.10.17"]
[SourceQuality "1"]

1. e4 e5 2. Nf3 Nc6 3. d4 exd4 4. Nxd4 Nf6 5. Bg5 Be7 6. Nxc6 bxc6 7. Bd3 0-0 8. 0-0 h6 9. Bd2 Rb8 10. Bc3 Bc5 11. Nd2 d5 12. Nb3 Be7 13. e5 Nh7 14. Bd4 Ra8 15. Qe2 Be6 16. f4 a5 17. f5 Bc8 18. Rae1 Ng5 19. Qh5 f6 20. e6 Qe8 21. Qg4 a4 22. Nc5 a3 23. b3 Kh8 24. h4 Nh7 25. Rf3 Ra5 26. Rg3 Rg8 27. Na4 Bd6 28. Rf3 Qe7 29. Nc3 Bb4 30. Ref1 c5 31. Nxd5 Qd6 32. Nxb4 Qxd4+ 33. Qxd4 cxd4 34. Nc6 Rc5 35. Nxd4 Bb7 36. Re3 Re8 37. e7 Re5 38. Rfe1 R8xe7 39. Rxe5 Rxe5 40. Rxe5 fxe5 41. Nb5 e4 42. Bc4 c6 43. Nd6 Ba8 44. Nxe4 Nf8 45. Be6 g6 46. g4 Kg7 47. Bc8 Kf7 48. fxg6+ Nxg6 49. h5 Nf4 50. Kf2 Nh3+ 51. Kg3 Ng1 52. Nd6+ Kf6 53. Nc4 Ne2+ 54. Kf2 Nc3 55. Nxa3 Nxa2 56. Nc4 c5 57. Bf5 Bd5 58. Nb6 Bc6 59. Nd7+ Bxd7 60. Bxd7 Nb4 61. Bf5 Kg5 62. Ke2 Kf4 63. Kd2 Nd5 64. Kd3 Ne3 65. c3 Nxg4 66. Bxg4 Kxg4 67. b4 cxb4 68. cxb4 Kxh5 69. b5 Kg4 70. b6 h5 71. b7 h4 72. b8Q Kf3 73. Qh2 Kg4 74. Ke3 h3 75. Ke4 Kh4 76. Kf4 Kh5 77. Qxh3+ 1-0

[Event "Harburg-chE 14th"]
[Site "Hamburg"]
[Date "2019.07.26"]
[Round "1.1"]
[White "Hoffmeyer, Florian"]
[Black "Dorendorf, Mika"]
[Result "1-0"]
[WhiteElo "1393"]
[BlackElo "1433"]
[PlyCount "75"]
[EventDate "2019.07.26"]
[EventType "tourn"]
[EventRounds "5"]
[EventCountry "GER"]
[SourceTitle "EXT 2020"]
[Source "ChessBase"]
[SourceDate "2019.10.17"]
[SourceVersion "1"]
[SourceVersionDate "2019.10.17"]
[SourceQuality "1"]

1. e4 c5 2. b3 Nc6 3. Bb2 Nf6 4. Nc3 d6 5. g3 Bg4 6. f3 Bd7 7. Bg2 g6 8. Nge2 Bg7 9. d3 0-0 10. Qd2 a6 11. g4 Ne8 12. h4 Nc7 13. 0-0-0 e6 14. h5 Bf6 15. Kb1 Qe7 16. Rh2 e5 17. Rdh1 Nd8 18. Nd5 Nxd5 19. exd5 b5 20. hxg6 fxg6 21. Qh6 Rf7 22. Bc1 Rg7 23. g5 Nf7 24. gxf6 Nxh6 25. fxe7 Nf5 26. Bh3 Rxe7 27. Bxf5 Bxf5 28. Ng3 Bc8 29. Ne4 Rf7 30. Nxd6 Rd7 31. Ne4 Rxd5 32. Nf6+ Kf8 33. Nxd5 Bb7 34. Nb6 Bxf3 35. Nxa8 Bxa8 36. Rxh7 Kg8 37. Bb2 Bg2 38. Rh8+ 1-0

[Event "Lueneburg distr-ch U16/18"]
[Site "Lueneburg"]
[Date "2017.10.10"]
[Round "4"]
[White "Hoffmeyer, Florian"]
[Black "Boess, Konstantin"]
[Result "1-0"]
[WhiteElo "1041"]
[BlackElo "792"]
[PlyCount "117"]
[EventDate "2017.10.09"]
[EventType "swiss"]
[EventRounds "7"]
[EventCountry "GER"]
[SourceTitle "EXT 2019"]
[Source "ChessBase"]
[SourceDate "2018.10.10"]
[SourceVersion "1"]
[SourceVersionDate "2018.10.10"]
[SourceQuality "1"]

1. e4 e6 2. d4 d5 3. exd5 exd5 4. Nc3 Nf6 5. Bg5 Be7 6. Nf3 Nc6 7. Bb5 0-0 8. 0-0 h6 9. Bh4 a6 10. Bd3 Bg4 11. h3 Bxf3 12. Qxf3 Nxd4 13. Qg3 Ne4 14. Bxe7 Nxg3 15. Bxd8 Nxf1 16. Bxc7 Nd2 17. Nxd5 Ne6 18. Bf4 Nxf4 19. Nxf4 Rfe8 20. f3 Nxf3+ 21. gxf3 Re3 22. Kf2 Rae8 23. Rd1 g5 24. Nd5 R3e5 25. Nf6+ Kf8 26. Nd7+ Kg7 27. Nxe5 Rxe5 28. Be4 Rb5 29. b3 b6 30. a4 Rc5 31. Rd6 b5 32. Rxa6 f5 33. Bd3 b4 34. Rb6 g4 35. hxg4 fxg4 36. fxg4 Rg5 37. Rxb4 Kf6 38. Kg3 h5 39. a5 Rxa5 40. gxh5 Rxh5 41. Bc4 Ke5 42. Rb5+ Kd4 43. Rxh5 Kc3 44. Bd3 Kb4 45. Rb5+ Kc3 46. Kf3 Kd4 47. Ke2 Kc3 48. Rb6 Kd4 49. Kd2 Kc5 50. Rg6 Kb4 51. Rg4+ Ka3 52. Bb5 Kb2 53. b4 Ka3 54. Bd7 Kb2 55. b5 Ka3 56. b6 Kb2 57. b7 Ka3 58. b8Q Ka2 59. Ra4# 1-0

[Event "Lueneburg distr-ch U16/18"]
[Site "Lueneburg"]
[Date "2017.10.09"]
[Round "1"]
[White "Zoellner, Bente"]
[Black "Hoffmeyer, Florian"]
[Result "0-1"]
[WhiteElo "1293"]
[BlackElo "1041"]
[PlyCount "106"]
[EventDate "2017.10.09"]
[EventType "swiss"]
[EventRounds "7"]
[EventCountry "GER"]
[SourceTitle "EXT 2019"]
[Source "ChessBase"]
[SourceDate "2018.10.10"]
[SourceVersion "1"]
[SourceVersionDate "2018.10.10"]
[SourceQuality "1"]

1. d4 d5 2. c4 c6 3. Nc3 Nf6 4. Bg5 e6 5. e3 Be7 6. Nf3 h6 7. Bh4 0-0 8. cxd5 cxd5 9. Bd3 Nc6 10. 0-0 Bd7 11. Rc1 Rc8 12. Bg3 Re8 13. Nb5 a6 14. Nd6 Bxd6 15. Bxd6 Na7 16. Qb3 Nb5 17. Be5 Ng4 18. Bg3 Bc6 19. Ne5 Nxe5 20. Bxe5 Nd6 21. Qd1 Bb5 22. Bxb5 Nxb5 23. Qg4 Qg5 24. Qxg5 hxg5 25. a4 Na7 26. f3 Nc6 27. Bd6 Red8 28. Bc5 f6 29. Rfe1 Rd7 30. e4 dxe4 31. Rxe4 Nxd4 32. Rd1 Nxf3+ 33. gxf3 Rxd1+ 34. Kg2 Rxc5 35. Rxe6 Kf7 36. Rb6 Rd7 37. Kg3 Rc6 38. Rb4 Rcd6 39. b3 Kg6 40. h3 f5 41. h4 gxh4+ 42. Rxh4 Rd4 43. Rh2 Rd3 44. Rb2 R7d4 45. b4 Kg5 46. Rb1 f4+ 47. Kg2 Rd2+ 48. Kh3 R4d3 49. Rg1+ Kh5 50. Rf1 Rb3 51. b5 Rbb2 52. Rh1 Rg2 53. bxa6 Rg3# 0-1